| 000 -LEADER |
| fixed length control field |
00434cam a22001097a 4500 |
| 008 - FIXED-LENGTH DATA ELEMENTS--GENERAL INFORMATION |
| fixed length control field |
180718b xxu||||| |||| 00| 0 eng d |
| 082 ## - DEWEY DECIMAL CLASSIFICATION NUMBER |
| Classification number |
X604x42 |
| 245 ## - TITLE STATEMENT |
| Title |
Report on the administrationm of the road fund |
| Statement of responsibility, etc. |
by Ministry of Transport and Civil Aviation, United Kingdom |
| 260 ## - PUBLICATION, DISTRIBUTION, ETC. |
| Place of publication, distribution, etc. |
London |
| Name of publisher, distributor, etc. |
Her Majesty's Stationery Office |
| Date of publication, distribution, etc. |
|
| 500 ## - GENERAL NOTE |
| General note |
Contents : Library has 1956, 1957 |
| 700 ## - ADDED ENTRY--PERSONAL NAME |
| Personal name |
United Kingdom. Ministry of Transport and Civil Aviation |